The value of urban design : executive summary (Record no. 102109)
[ view plain ]
| 000 -LEADER | |
|---|---|
| fixed length control field | 01203cad a2200205 4500 |
| 001 - CONTROL NUMBER | |
| control field | J118200 |
| 008 - FIXED-LENGTH DATA ELEMENTS--GENERAL INFORMATION | |
| fixed length control field | 000000n 000 0 eng u |
| 035 ## - SYSTEM CONTROL NUMBER | |
| System control number | (Sirsi) u118200 |
| 050 ## - LIBRARY OF CONGRESS CALL NUMBER | |
| Classification number | 711.52 |
| 110 ## - MAIN ENTRY--CORPORATE NAME | |
| Corporate name or jurisdiction name as entry element | Commission for Architecture and the Built Environment |
| 9 (RLIN) | 4058 |
| 245 #4 - TITLE STATEMENT | |
| Title | The value of urban design : executive summary |
| 260 ## - PUBLICATION, DISTRIBUTION, ETC. | |
| Place of publication, distribution, etc. | London |
| Name of publisher, distributor, etc. | CABE $[ 200-?] |
| 300 ## - PHYSICAL DESCRIPTION | |
| Extent | [3]p. |
| Dimensions | 30cm. |
| 350 ## - PRICE (NR) (BK AM CF MU VM SE) [OBSOLETE] | |
| Price | 0. |
| 520 ## - SUMMARY, ETC. | |
| Summary, etc. | Executive summary of "The value of urban design : a research project commissioned by CABE and DETR to examine the value added by good urban design" (ISBN 0727729810), which assesses the benefits of good urban design including higher rental levels, lower maintenance costs and public support. The executive summary is available in pdf format on the CABE website at http://www.cabe.org.uk/displayData.html/c_exec.pdf?type=pdf&id=1 |
| 690 ## - LOCAL SUBJECT ADDED ENTRY--TOPICAL TERM (OCLC, RLIN) | |
| Topical term or geographic name as entry element | REGENERATION |
| 710 ## - ADDED ENTRY--CORPORATE NAME | |
| Corporate name or jurisdiction name as entry element | United Kingdom |
| Subordinate unit | Department of the Environment, Transport and the Regions |
| 9 (RLIN) | 3507 |
| 856 ## - ELECTRONIC LOCATION AND ACCESS | |
| Uniform Resource Identifier | <a href="https://webarchive.nationalarchives.gov.uk/20110118095356/http://www.cabe.org.uk/files/the-value-of-urban-design-summary.pdf">https://webarchive.nationalarchives.gov.uk/20110118095356/http://www.cabe.org.uk/files/the-value-of-urban-design-summary.pdf</a> |
| Public note | View the item free of charge at webarchive.nationalarchives.gov.uk |
| 942 ## - ADDED ENTRY ELEMENTS (KOHA) | |
| Suppress in OPAC | 0 |
| Withdrawn status | Lost status | Source of classification or shelving scheme | Damaged status | Not for loan | Home library | Current library | Shelving location | Date acquired | Total Checkouts | Full call number | Barcode | Date last seen | Copy number | Price effective from | Koha item type |
|---|---|---|---|---|---|---|---|---|---|---|---|---|---|---|---|
| Dewey Decimal Classification | Virtual | Virtual | Online | 29/05/2002 | ONLINE PUBLICATION | J11820 | 06/08/2019 | 1 | 06/08/2019 | Book |